|
|
|
|
| LEADER |
00000nam0a2200000 4500 |
| 001 |
23848 |
| 005 |
20231101205557.0 |
| 010 |
|
|
|a 5724511657
|
| 035 |
|
|
|a (RuTPU)RU\TPU\book\24073
|
| 035 |
|
|
|a BOOK00001841
|
| 090 |
|
|
|a 23848
|
| 100 |
|
|
|a 20011209d2000 km y0rusy50 ca
|
| 101 |
0 |
|
|a rus
|
| 102 |
|
|
|a RU
|
| 105 |
|
|
|a y z 000zy
|
| 200 |
1 |
|
|a Математические методы термодинамики при конечном времени
|f В. А. Миронова, С. А. Амелькин, А. М. Цирлин
|
| 210 |
|
|
|a Москва
|c Химия
|d 2000
|
| 215 |
|
|
|a 384 с.
|
| 606 |
|
|
|a Термодинамика статистическая
|2 stltpush
|3 (RuTPU)RU\TPU\subj\59927
|9 77420
|
| 610 |
1 |
|
|a термодинамика
|
| 610 |
1 |
|
|a математические методы
|
| 610 |
1 |
|
|a конечное время
|
| 610 |
1 |
|
|a оптимизация
|
| 675 |
|
|
|a 536.75
|v 3
|
| 700 |
|
1 |
|a Миронова
|b В. А.
|g Валентина Александровна
|
| 701 |
|
1 |
|a Амелькин
|b С. А.
|g Сергей Анатольевич
|
| 701 |
|
1 |
|a Цирлин
|b А. М.
|g Анатолий Михайлович
|
| 801 |
|
0 |
|a RU
|b 63413507
|c 20011209
|g PSBO
|
| 801 |
|
2 |
|a RU
|b 63413507
|c 20170914
|g PSBO
|
| 942 |
|
|
|c BK
|